[Event "Loire-ch op 0506"]
[Site "Loire"]
[Date "2006.03.04"]
[Round "5"]
[White "Veyrat, Gerard"]
[Black "Lille, Gauthier"]
[Result "0-1"]
[WhiteElo "1240"]
[BlackElo "1370"]
[PlyCount "78"]
[EventDate "2005.11.27"]
[EventType "swiss"]
[EventRounds "6"]
[EventCountry "FRA"]
[SourceTitle "EXT 2008"]
[Source "ChessBase"]
[SourceDate "2007.11.25"]
[SourceVersion "1"]
[SourceVersionDate "2007.11.25"]
[SourceQuality "1"]

1. d4 d5 2. Nf3 Nc6 3. c3 f6 4. e3 e5 5. Bb5 Bd7 6. 0-0 Bd6 7. Bd3 e4 8. Bxe4 dxe4 9. Nfd2 f5 10. Qh5+ g6 11. Qe2 Qe7 12. Nc4 0-0-0 13. Nxd6+ Qxd6 14. b4 Nf6 15. h3 a6 16. c4 Qxb4 17. Ba3 Qb6 18. c5 Qb5 19. Qc2 Nb4 20. Bxb4 Qxb4 21. Nc3 Qc4 22. Qb2 Nd5 23. Rfc1 Nxc3 24. Rxc3 Qb5 25. Rb3 Qc6 26. Rb1 b5 27. cxb6 Be6 28. b7+ Kb8 29. Rc3 Qb6 30. Qc2 Qa5 31. Rxc7 Qxc7 32. Qe2 Bd5 33. Qxa6 Bxb7 34. Rb6 Kc8 35. a4 Bxa6 36. a5 Kd7 37. Rxa6 Ra8 38. Rb6 Rhb8 39. Rf6 Rb1# 0-1